Countries with most Britons - Statistics

General Stats
  • This quiz has been taken 35 times
  • The average score is 11 of 15
Answer Stats
Population Country % Correct
603,000 Canada
94%
200,000 France
94%
115,000 Germany
94%
761,000 Spain
94%
678,000 United States
94%
1,300,000 Australia
87%
215,000 New Zealand
87%
291,000 Ireland
74%
60,000 Portugal
74%
250,000 India
71%
45,000 Singapore/Switzerland
61%
212,000 South Africa
58%
55,000 United Arab Emirates
58%
47,000 Pakistan
45%
59,000 Cyprus
0%
No matching quizzes found
Score Distribution
Percent of People with Each Score
Percentile by Number Answered
Your Score History
You have not taken this quiz